Fusi orari e Città - Statistics

Statistiche generali
  • Questo quiz è stato fatto 35 volte
  • Il punteggio medio è 7 su 20
Statistiche sulle risposte
Hint Risposta % Corretto
UTC+0 Londra
80%
UTC+1 Roma
70%
UTC+2 Atene
60%
UTC+12 Wellington
50%
UTC-5 New York
45%
UTC-9 Anchorage
40%
UTC+4 Baku
40%
UTC+3 Mosca
40%
UTC+5 Islamabad
35%
UTC-1 Praia
35%
UTC-8 Los Angeles
30%
UTC-3 Rio de Janeiro
30%
UTC+9 Tokyo
30%
UTC+10 Sydney
25%
UTC-7 Denver
15%
UTC+8 Pechino
15%
UTC-6 Città del Messico
10%
UTC+6 Dacca
10%
UTC+7 Giacarta
10%
UTC-4 Santiago del Cile
0%
Nessun quiz corrispondente trovato
Distribuzione punteggi
Percentuale di utenti per punteggio
Percentile per numero di risposta
I tuoi punteggi nel tempo
Non hai fatto questo quiz